000 00270nam a22001097a 4500
040 _cSY
082 _a658
100 _aអេង លេង
245 _aការគ្រប់គ្រងហិរញ្ញវត្ថុ
260 _aRUA
_bអេង
_c2011
942 _cKB
999 _c9961
_d9961